Filosofías de la India (Registro nro. 182908)

Detalles MARC
000 -ENCABEZADO
Número de control [NR] 01030nam a22002897a 4500
005 - FECHA Y HORA DE LA ÚLTIMA TRANSACCIÓN
control field 20150728113006.0
008 - DE LONGITUD FIJA DE DATOS DE ELEMENTOS - INFORMACIÓN GENERAL
Elementos de longitud fija [NR] 131114s2011 sp frn 000 0 spa
020 ## - NUMERO INTERNACIONAL NORMALIZADO PARA LIBROS [R]
Número Internacional Normalizado del libro [NR] 9788496867642
040 ## - FUENTE DE CATALOGACION [NR]
Agencia de catalogación original [NR] CO-BoUCM
Idioma de catalogación [NR] spa
Quien Cataloga Jose A. Gerena (modificó)
Quien Clasifica Aldemar Mondragón
041 1# - CODIGO DE IDIOMA [R]
Código de idioma para texto/pista de sonido o título separado [R] Español
100 1# - ASIENTO PRINCIPAL--NOMBRE PERSONAL [NR]
Nombre personal [NR] Zimmer, Heinrich Robert
Fechas asociadas con el nombre [NR] 1890-1943
ID Autoridad 50395
245 10 - MENCION DE TITULO [NR]
Título [NR] Filosofías de la India
Mención de responsabilidad, etc. [NR] Heinrich Zimmer ; edición y prólogo de Joseph Campbell ; traducción de J. A. Vázquez
260 ## - PUBLICACION, DISTRIBUCION, ETC. (PIE DE IMPRENTA) [R]
Lugar de publicación, distribución, etc. [R] Madrid (España)
Nombre del editor, distribuidor, etc. [R] Editorial Sexto Piso
Fecha de publicación, distribución, etc. [R] 2010
300 ## - DESCRIPCION FISICA [R]
Extensión [R] 667 páginas
490 0# - MENCION DE SERIE [R]
Mención de serie [R] Ensayo
504 ## - NOTA DE BIBLIOGRAFIA, ETC. [R]
Nota de bibliografía, etc. [NR] Incluye referencias bibliográficas
650 #4 - ASIENTO SECUNDARIO DE MATERIA - TERMINO TEMATICO [R]
Término temático o nombre geográfico como elemento de entrada [NR] Jainismo
9 (RLIN) 18053
650 #7 - ASIENTO SECUNDARIO DE MATERIA - TERMINO TEMATICO [R]
Término temático o nombre geográfico como elemento de entrada [NR] Budismo
9 (RLIN) 10234
650 #7 - ASIENTO SECUNDARIO DE MATERIA - TERMINO TEMATICO [R]
Término temático o nombre geográfico como elemento de entrada [NR] Filosofía hindú
9 (RLIN) 15816
650 #7 - ASIENTO SECUNDARIO DE MATERIA - TERMINO TEMATICO [R]
Término temático o nombre geográfico como elemento de entrada [NR] Filosofía india
9 (RLIN) 15821
690 ## - ASUNTO AGREGADO LOCAL DE ENTRADA - TÉRMINO TEMÁTICO (OCLC, RLIN)
9 (RLIN) 42814
Acceso temático local Filosofía
700 1# - ASIENTO SECUNDARIO - NOMBRE PERSONAL [R]
Nombre personal [NR] Campbell, Joseph
Término de relación [R] editor
9 (RLIN) 54059
700 1# - ASIENTO SECUNDARIO - NOMBRE PERSONAL [R]
Nombre personal [NR] Vázquez, J. A.
Término de relación [R] traductor
9 (RLIN) 50399
765 1# - ASIENTO DE IDIOMA ORIGINAL [R]
Título [NR] Philosophies of India
942 ## - ELEMENTOS DE ENTRADA AGREGADOS (KOHA)
Tema principal Filosofía
Tipo de ítem principal el descrito en 300a Libro
Edición 1
Parte restante de la signatura top. Z721f
Sistema de clasificación DEWEY
Clasificación 181.4
Existencias
Fecha de último préstamo Total préstamos Total Renewals Signatura topográfica Código de barras Última vez visto Ejemplar Costo de reposición Price effective from Tipo de ítem Perdido Sistema de clasificación Dañado No prestable Tipo de ítem específico Suprimido Ubicación habitual Ubicación actual Localización Fecha de creación Proveedor Forma de adquisición Costo
18/04/2016 1 1 181.4 Z721f 100140138 05/12/2025 Ej.2 75200.00 15/01/2014 Libro   DEWEY     Libro   Claustro Claustro 2do piso 15/01/2014 15 Compra 75200.00
20/02/2019 2   181.4 Z721f 100146860 05/12/2025 Ej.3 93380.00 09/07/2015 Libro   DEWEY     Libro   Claustro Claustro 2do piso 09/07/2015 37 Compra 93380.00